LGBTQ+ Pride Flags - Statistics

General Stats
  • This quiz has been taken 12,496 times
    10,873 since last reset
  • The average score is 12 of 20
Answer Stats
Picture Answer % Correct
rainbow pride flag
97%
transgender
96%
bisexual
94%
lesbian
93%
asexual
89%
pansexual
89%
non-binary
75%
intersex
66%
aromantic
63%
demiboy
53%
demigirl
53%
genderfluid
53%
agender
43%
MLM
38%
omnisexual
37%
progress pride flag
36%
polysexual
35%
genderqueer
33%
bigender
20%
Philadelphia pride flag
19%
No matching quizzes found
Score Distribution
Percent of People with Each Score
Percentile by Number Answered
Your Score History
You have not taken this quiz since the last reset